Inside fashion design / (Record no. 352503)

000 -LEADER
fixed length control field 00732 a2200229 4500
003 - CONTROL NUMBER IDENTIFIER
control field OSt
005 - DATE AND TIME OF LATEST TRANSACTION
control field 20180116192337.0
008 - FIXED-LENGTH DATA ELEMENTS--GENERAL INFORMATION
fixed length control field 120524t xxu||||| |||| 00| 0 eng d
010 ## - LIBRARY OF CONGRESS CONTROL NUMBER
LC control number 76044872
020 ## - INTERNATIONAL STANDARD BOOK NUMBER
International Standard Book Number 0064535045
040 ## - CATALOGING SOURCE
Transcribing agency 0
082 00 - DEWEY DECIMAL CLASSIFICATION NUMBER
Classification number 746.92
100 1# - MAIN ENTRY--PERSONAL NAME
Personal name Tate, Sharon Lee.
9 (RLIN) 1856
245 10 - TITLE STATEMENT
Title Inside fashion design /
Statement of responsibility, etc. Sharon Lee Tate ; illustrated by Mona Shafer Edwards ; photos. by Larry Kastendiek.
260 ## - PUBLICATION, DISTRIBUTION, ETC.
Place of publication, distribution, etc. San Francisco :
Name of publisher, distributor, etc. Canfield Press,
Date of publication, distribution, etc. c1977.
300 ## - PHYSICAL DESCRIPTION
Extent 308 p. :
Other physical details ill. ;
Dimensions 29 cm.
500 ## - GENERAL NOTE
General note Includes index.
650 #0 - SUBJECT ADDED ENTRY--TOPICAL TERM
Topical term or geographic name entry element Fashion design.
9 (RLIN) 1857
650 #0 - SUBJECT ADDED ENTRY--TOPICAL TERM
Topical term or geographic name entry element Costume design
9 (RLIN) 1858
942 ## - ADDED ENTRY ELEMENTS (KOHA)
Institution code [OBSOLETE] SADA
Koha item type Book
Call number prefix 746.92 TAT 1977
Source of classification or shelving scheme
Holdings
Withdrawn status Lost status Source of classification or shelving scheme Damaged status Not for loan Permanent Location Current Location Date acquired Total Checkouts Full call number Barcode Date last seen Cost, replacement price Price effective from Koha item type
          School of Art Design and Architecture (SADA) School of Art Design and Architecture (SADA) 02/02/2011   746.92 TAT 1977 SADA0000573 08/05/2011 2082.00 08/05/2011 Book
© 2023 Central Library, National University of Sciences and Technology. All Rights Reserved.